Fundamentals of data structures with C (Record no. 131986)

000 -LEADER
fixed length control field 00343nam a2200133Ia 4500
008 - FIXED-LENGTH DATA ELEMENTS--GENERAL INFORMATION
fixed length control field 220120s9999||||xx |||||||||||||| ||und||
020 ## - INTERNATIONAL STANDARD BOOK NUMBER
International Standard Book Number 07-113342-9
082 ## - DEWEY DECIMAL CLASSIFICATION NUMBER
Classification number 005.73 NAN
100 ## - MAIN ENTRY--PERSONAL NAME
Personal name Nandagopalan, S
245 #0 - TITLE STATEMENT
Title Fundamentals of data structures with C
260 ## - PUBLICATION, DISTRIBUTION, ETC.
Name of publisher, distributor, etc. Bangalooru
Date of publication, distribution, etc. 2001
300 ## - PHYSICAL DESCRIPTION
Other physical details 195
650 ## - SUBJECT ADDED ENTRY--TOPICAL TERM
Topical term or geographic name entry element COMPUTER ARCHITECTURE
Holdings
Withdrawn status Lost status Source of classification or shelving scheme Damaged status Not for loan Collection code Home library Current library Shelving location Date acquired Barcode Date last seen Price effective from Koha item type
          Computer Science and Engineering Central Library Central Library Book Cart 01/20/2022 SC43 01/20/2022 01/20/2022 Scheduled Caste Book Bank

Powered by Koha